MARC details
| 000 -CABECERA |
| campo de control de longitud fija |
02351nam a22002897a 4500 |
| 003 - IDENTIFICADOR DEL NÚMERO DE CONTROL |
| campo de control |
DO-SdBNP |
| 005 - FECHA Y HORA DE LA ÚLTIMA TRANSACCIÓN |
| campo de control |
20260219105724.0 |
| 007 - CAMPO FIJO DE DESCRIPCIÓN FÍSICA--INFORMACIÓN GENERAL |
| campo de control de longitud fija |
ta |
| 008 - DATOS DE LONGITUD FIJA--INFORMACIÓN GENERAL |
| campo de control de longitud fija |
210825e2018 dr ||||fr|||| 001 0 spa d |
| 020 ## - NÚMERO INTERNACIONAL ESTÁNDAR DEL LIBRO |
| Número Internacional Estándar del Libro |
9789945580488 |
| 040 ## - FUENTE DE LA CATALOGACIÓN |
| Centro catalogador/agencia de origen |
DO-SdBNP |
| Lengua de catalogación |
spa |
| Centro/agencia transcriptor |
BNPHU |
| 041 ## - CÓDIGO DE LENGUA |
| Código de lengua original |
spa |
| 082 #4 - NÚMERO DE LA CLASIFICACIÓN DECIMAL DEWEY |
| Número de clasificación |
378.7293 |
| Número de documento/Ítem |
H557m |
| Número de edición |
22 |
| 100 1# - ENTRADA PRINCIPAL--NOMBRE DE PERSONA |
| Fechas asociadas al nombre |
Hernández, Angel |
| 9 (RLIN) |
11092 |
| 245 10 - MENCIÓN DE TÍTULO |
| Título |
Miradas sobre la educación superior dominicana / |
| Mención de responsabilidad, etc. |
Ángel Hernández; edición, Lennys Tejada Betancourt. |
| 260 ## - PUBLICACIÓN, DISTRIBUCIÓN, ETC. |
| Lugar de publicación, distribución, etc. |
Santiago de Los Caballeros, República Dominicana : |
| Nombre del editor, distribuidor, etc. |
UAPA, |
| Fecha de publicación, distribución, etc. |
2018. |
| 300 ## - DESCRIPCIÓN FÍSICA |
| Extensión |
161, [18] p. : |
| Otras características físicas |
il., tablas ; |
| Dimensiones |
24 cm. |
| 504 ## - NOTA DE BIBLIOGRAFÍA, ETC. |
| Nota de bibliografía, etc. |
Bibliografía: p. 167-169 |
| 505 ## - NOTA DE CONTENIDO CON FORMATO |
| Nota de contenido con formato |
Introducción. |
| Título |
1. Tendencias de la educación superior dominicana (1995-2017).-- |
| -- |
2.Normativas importantes en el desarrollo de la Educación Superior Dominicana. |
| -- |
3. Políticas principales del Ministerio de Educación Superior, Ciencia y Tecnología, para el fortalecimientos de la Educación Superior Dominicana.-- |
| -- |
4. Creación de conocimientos e innovación en las IES Dominicanas.-- |
| -- |
5. Procesos de reclutamientos, selección y formación de los docentes universitarios dominicanos.-- |
| -- |
6. El libre acceso a la Universidad: Mecanismos recientes para controlarlo POMA, College Board. Prueba en medicina.-- |
| -- |
7. Oferta de planes y programas de estudio y su relación con las necesidades del mercado.-- |
| -- |
8. La evaluación quinquenal en la calidad de las universidades.-- |
| -- |
9. La Gobernanza en las IES Dominicana.-- |
| -- |
11. El postgrado en la Universidad Dominicana.-- |
| -- |
12. Papel juega la Universidad Dominicana en la lucha contra la pobreza.-- |
| -- |
13. Internacionalización de la Universidad Dominicana.-- |
| -- |
10. ¿Cómo inciden las TIC y los recursos digitales en el desarrollo de la Universidad Dominicana?.-- |
| -- |
14. El rol de la educación a distancia en el cambio de la educación superior dominicana.-- |
| -- |
Financiamiento de la educación superior.-- |
| -- |
Conclusión.-- |
| -- |
Bibliografía.-- |
| -- |
Anexos. |
| 590 ## - NOTA LOCAL (RLIN) |
| Nota local |
Inventriado 2021 / MF |
| 650 #0 - PUNTO DE ACCESO ADICIONAL DE MATERIA--TÉRMINO DE MATERIA |
| Término de materia o nombre geográfico como elemento de entrada |
Educación superior |
| Subdivisión geográfica |
República Dominicana |
| 9 (RLIN) |
730 |
| 650 #4 - PUNTO DE ACCESO ADICIONAL DE MATERIA--TÉRMINO DE MATERIA |
| Término de materia o nombre geográfico como elemento de entrada |
Política educativa |
| Subdivisión geográfica |
República Dominicana |
| 9 (RLIN) |
10500 |
| 700 12 - PUNTO DE ACCESO ADICIONAL--NOMBRE DE PERSONA |
| 9 (RLIN) |
78873 |
| Nombre de persona |
Tejada Betancourt, Lennys G. |
| Término indicativo de función/relación |
ed. |
| 710 2# - PUNTO DE ACCESO ADICIONAL--NOMBRE DE ENTIDAD CORPORATIVA |
| Nombre de entidad corporativa o nombre de jurisdicción como elemento de entrada |
Universidad Abierta para Adultos (Santiago de los Caballeros, Republica Dominicana) |
| 9 (RLIN) |
71401 |
| 910 ## - DATOS DE OPCIÓN DEL USUARIO (OCLC) |
| Datos de opción del usuario |
Validado. Control de calidad MFF |
| 942 ## - ELEMENTOS DE PUNTO DE ACCESO ADICIONAL (KOHA) |
| Fuente del sistema de clasificación o colocación |
Dewey Decimal Classification |
| Tipo de ítem Koha |
Libro |